Statistics for Most Common American Movie Theater Food

Click here to take the quiz!

General Stats

  • This quiz has been taken 76 times
  • The average score is 5 of 16

Answer Stats

Answer% Correct
POPCORN
98%
HOT DOGS
62%
NACHOS
60%
ICE CREAM
55%
M&M's
49%
SKITTLES
49%
SOFT PRETZELS
40%
PIZZA
35%
GUMMY BEARS
18%
RAISINETTES
11%
RED VINES
11%
JUNIOR MINTS
9%
SNO-CAPs
6%
JUMBO PICKLES
5%
SWEET TARTS
3%
WHOOPERS
0%

Score Distribution

Percentile by Number Answered

Percent of People with Each Score

Your Score History

You have not taken this quiz